00297nam a2200121Ia 45000030006000000080041000060400015000471000017000622450034000792600033001135460012001460050017001580STCL150530s9999 xx 000 0 und d aSTCLcSTCL aSastri, P.S. aHistory of literary criticism bLakshmi Narain Agarwalc1960 aEnglish20220125170906.0